[Event "BCF-ch U16"]
[Site "Torquay"]
[Date "2013.08.02"]
[Round "6.61"]
[White "Mavinkurve, Aditya"]
[Black "Willson, Ollie"]
[Result "0-1"]
[WhiteElo "1742"]
[BlackElo "1796"]
[PlyCount "122"]
[EventDate "2013.07.29"]
[EventType "swiss"]
[EventRounds "7"]
[EventCountry "ENG"]
[SourceTitle "EXT 2023"]
[Source "ChessBase"]
[SourceDate "2022.10.05"]
[SourceVersion "1"]
[SourceVersionDate "2022.10.05"]
[SourceQuality "1"]

1. e4 c5 2. Nf3 e6 3. d4 cxd4 4. Nxd4 Nc6 5. Nc3 Qc7 6. Be3 a6 7. Qd2 Nf6 8. Be2 Be7 9. f3 0-0 10. g4 b5 11. g5 Ne8 12. 0-0-0 d6 13. h4 Bd7 14. Rdg1 b4 15. Nd1 Nxd4 16. Bxd4 e5 17. Bf2 Qa5 18. Kb1 Be6 19. b3 Nc7 20. a4 Nb5 21. Be1 Nd4 22. Rf1 Rfc8 23. Bd3 Rab8 24. h5 Bxb3 25. cxb3 Nxb3 26. Qa2 Nc1 27. Qd5 Qxd5 28. exd5 Nxd3 29. Bd2 Nc5 30. Nb2 Nb3 31. Be3 Rc3 32. Nd1 Rxe3 33. Nxe3 Nd2+ 34. Kb2 Nxf1 35. Rxf1 Bxg5 36. Nf5 Rd8 37. Rg1 h6 38. Kb3 a5 39. Kb2 Kh7 40. Rg2 g6 41. hxg6+ fxg6 42. Ng3 Rc8 43. Ne4 Be7 44. Rd2 h5 45. Rd1 h4 46. Kb3 g5 47. Rh1 Kg6 48. Rg1 Rf8 49. Nd2 Rh8 50. Kc4 Rb8 51. Kb3 Rc8 52. Ne4 Kf5 53. Nd2 Rc3+ 54. Kb2 Rd3 55. Kc2 Rxd5 56. Nb3 Kf4 57. Nd2 Rxd2+ 58. Kxd2 Kxf3 59. Rf1+ Kg2 60. Rf7 h3 61. Rxe7 h2 0-1

[Event "BCF-ch U16"]
[Site "Torquay"]
[Date "2013.07.31"]
[Round "4.56"]
[White "Mavinkurve, Aditya"]
[Black "Finn, Peter"]
[Result "1-0"]
[WhiteElo "1742"]
[BlackElo "1874"]
[PlyCount "63"]
[EventDate "2013.07.29"]
[EventType "swiss"]
[EventRounds "7"]
[EventCountry "ENG"]
[SourceTitle "EXT 2023"]
[Source "ChessBase"]
[SourceDate "2022.10.05"]
[SourceVersion "1"]
[SourceVersionDate "2022.10.05"]
[SourceQuality "1"]

1. e4 e6 2. d4 d5 3. Nd2 Nf6 4. e5 Nfd7 5. c3 c5 6. Ndf3 Nc6 7. Ne2 Qb6 8. g3 Be7 9. Bg2 0-0 10. 0-0 f6 11. exf6 Rxf6 12. Bg5 Rxf3 13. Bxe7 Rf5 14. Bh3 Nxe7 15. Bxf5 Nxf5 16. Qd2 Nf6 17. b3 Bd7 18. Rfe1 Bb5 19. dxc5 Qxc5 20. Nf4 Ne4 21. Qc2 Nd4 22. Qd1 Nxc3 23. Qg4 Bd7 24. Nh5 Nde2+ 25. Rxe2 Nxe2+ 26. Qxe2 Qc3 27. Rd1 Re8 28. Qg4 Re7 29. Qg5 Rf7 30. Qd8+ Rf8 31. Qxd7 Qf3 32. Qxg7# 1-0

[Event "BCF-ch U16"]
[Site "Torquay"]
[Date "2013.07.29"]
[Round "1"]
[White "Fraser, John"]
[Black "Mavinkurve, Aditya"]
[Result "1/2-1/2"]
[WhiteElo "1954"]
[BlackElo "1742"]
[PlyCount "58"]
[EventDate "2013.07.29"]
[EventType "swiss"]
[EventRounds "7"]
[EventCountry "ENG"]
[SourceTitle "EXT 2023"]
[Source "ChessBase"]
[SourceDate "2022.10.05"]
[SourceVersion "1"]
[SourceVersionDate "2022.10.05"]
[SourceQuality "1"]

1. e4 e5 2. Nf3 Nc6 3. Bc4 Bc5 4. c3 Qe7 5. 0-0 d6 6. d4 Bb6 7. h3 Nf6 8. Re1 Bd7 9. a4 a5 10. Na3 0-0 11. Nc2 h6 12. b4 exd4 13. Nfxd4 Ne5 14. Bb3 Ng6 15. Nf5 Qe5 16. Be3 Bxe3 17. Rxe3 Bxf5 18. exf5 Qxf5 19. Nd4 Qd7 20. Qc2 Ne5 21. Nf5 Kh8 22. Rd1 Rae8 23. b5 b6 24. Rd4 Ng6 25. Rf3 Re5 26. Nxh6 gxh6 27. Rxf6 Qe7 28. Rf3 Kg7 29. Rg4 d5 1/2-1/2

[Event "High Wycombe e2e4 op 10"]
[Site "High Wycombe"]
[Date "2012.10.14"]
[Round "4"]
[White "Mavinkurve, Aditya"]
[Black "Simpson, Derek"]
[Result "1/2-1/2"]
[WhiteElo "1766"]
[BlackElo "1598"]
[PlyCount "78"]
[EventDate "2012.10.12"]
[EventType "swiss"]
[EventRounds "5"]
[EventCountry "ENG"]
[SourceTitle "EXT 2023"]
[Source "ChessBase"]
[SourceDate "2022.10.05"]
[SourceVersion "1"]
[SourceVersionDate "2022.10.05"]
[SourceQuality "1"]

1. d4 d6 2. c4 e5 3. d5 f5 4. Nf3 Be7 5. Nc3 Na6 6. b4 Bd7 7. a3 c6 8. Bb2 Nf6 9. e3 Nc7 10. Nxe5 cxd5 11. Nxd7 Nxd7 12. Nxd5 Nxd5 13. Qxd5 Bf6 14. Qe6+ Qe7 15. Qxe7+ Kxe7 16. Bxf6+ Nxf6 17. Bd3 g6 18. 0-0 Rhc8 19. Rfc1 Rc7 20. Ra2 a5 21. Rb2 axb4 22. axb4 Ra3 23. Bf1 Nd5 24. g3 Ra4 25. b5 b6 26. Rd2 Nf6 27. Rcd1 Ne4 28. Rd4 Rd7 29. g4 Ra2 30. f3 Ng5 31. Bg2 Ne6 32. Rd5 Nc7 33. R5d2 Ra4 34. Bf1 Ra3 35. Kf2 fxg4 36. fxg4 Ne8 37. e4 Nf6 38. Kg1 Nxg4 39. Rd3 Ra2 1/2-1/2

[Event "High Wycombe e2e4 Major op 03"]
[Site "High Wycombe"]
[Date "2012.03.18"]
[Round "4"]
[White "Claridge Hansen, William"]
[Black "Mavinkurve, Aditya"]
[Result "1-0"]
[WhiteElo "1706"]
[BlackElo "1770"]
[PlyCount "95"]
[EventDate "2012.03.16"]
[EventType "swiss"]
[EventRounds "5"]
[EventCountry "ENG"]
[SourceTitle "EXT 2014"]
[Source "ChessBase"]
[SourceDate "2013.11.20"]
[SourceVersion "1"]
[SourceVersionDate "2013.11.20"]
[SourceQuality "1"]

1. c4 g6 2. g3 Bg7 3. Bg2 Nf6 4. Nc3 d6 5. e4 e5 6. Nge2 Nc6 7. 0-0 0-0 8. d3 Ne8 9. Be3 f5 10. Qd2 Be6 11. Nd5 Ne7 12. Bg5 Nf6 13. Nxe7+ Qxe7 14. exf5 Bxf5 15. Bxb7 Rab8 16. Bg2 Qd7 17. Nc3 c6 18. Rab1 Ng4 19. h3 Nf6 20. Kh2 Ne8 21. Be3 Nf6 22. b4 Rfc8 23. Bg5 Ne8 24. b5 cxb5 25. Nxb5 a6 26. Nc3 Nc7 27. Nd5 Nxd5 28. Bxd5+ Kh8 29. g4 Be6 30. Bxe6 Qxe6 31. Qa5 e4 32. Bf4 exd3 33. Qxa6 Be5 34. Bxe5+ Qxe5+ 35. Kg1 d2 36. Rb5 Qe6 37. Rd5 Rb2 38. Qa3 Rc2 39. Rxd2 Rxd2 40. Qc3+ Qe5 41. Qxd2 Rxc4 42. Re1 Qf6 43. g5 Qf4 44. Qb2+ Rd4 45. Qb8+ Kg7 46. Re7+ Qf7 47. Rxf7+ Kxf7 48. Qa7+ 1-0

[Event "High Wycombe e2e4 Major op 03"]
[Site "High Wycombe"]
[Date "2012.03.17"]
[Round "3"]
[White "Mavinkurve, Aditya"]
[Black "Batchelor, Guy J"]
[Result "0-1"]
[WhiteElo "1770"]
[BlackElo "2014"]
[PlyCount "122"]
[EventDate "2012.03.16"]
[EventType "swiss"]
[EventRounds "5"]
[EventCountry "ENG"]
[SourceTitle "EXT 2014"]
[Source "ChessBase"]
[SourceDate "2013.11.20"]
[SourceVersion "1"]
[SourceVersionDate "2013.11.20"]
[SourceQuality "1"]

1. e4 c5 2. Nf3 Nc6 3. d4 cxd4 4. Nxd4 e5 5. Nb5 a6 6. Nd6+ Bxd6 7. Qxd6 Qf6 8. Qd2 Qg6 9. Nc3 Nf6 10. f3 0-0 11. Bd3 Nb4 12. 0-0 Nxd3 13. Qxd3 d5 14. Nxd5 Nxd5 15. Qxd5 Bh3 16. Qd2 Rad8 17. Qe2 Be6 18. b3 f5 19. Bb2 fxe4 20. fxe4 Qg5 21. Ba3 Rxf1+ 22. Rxf1 h5 23. Bc1 Qg6 24. Bb2 Qg5 25. Bc1 Qg6 26. Kh1 Bg4 27. Qc4+ Kh7 28. Be3 Rc8 29. Qd3 b5 30. h3 Be6 31. Bc1 Re8 32. Bb2 Bc8 33. Qd5 Qg5 34. Rf7 Be6 35. Qb7 Bxf7 36. Qxf7 Rd8 37. Qf1 Qf4 38. Qe2 g6 39. Bc3 Rf8 40. Kg1 Rc8 41. Qd3 Rf8 42. Qe2 Qc1+ 43. Kh2 Rf1 44. Bxe5 Rh1+ 45. Kg3 Qg5+ 46. Kf2 Qxe5 47. Qf3 Kg7 48. Qe3 Qf6+ 49. Kg3 g5 50. e5 Qf4+ 51. Qxf4 gxf4+ 52. Kxf4 Rc1 53. g4 hxg4 54. hxg4 Rxc2 55. Kf5 Rxa2 56. Ke6 Rd2 57. b4 Rd4 58. g5 Kg6 59. Ke7 Rxb4 60. e6 Re4 61. Kd7 b4 0-1

[Event "Gatwick e2e4 int op-B"]
[Site "Gatwick"]
[Date "2011.10.27"]
[Round "2"]
[White "Mavinkurve, Aditya"]
[Black "Boudkeev, Timour"]
[Result "1/2-1/2"]
[WhiteElo "1807"]
[BlackElo "1874"]
[PlyCount "58"]
[EventDate "2011.10.26"]
[EventType "swiss"]
[EventRounds "9"]
[EventCountry "ENG"]
[SourceTitle "EXT 2014"]
[Source "ChessBase"]
[SourceDate "2013.11.20"]
[SourceVersion "1"]
[SourceVersionDate "2013.11.20"]
[SourceQuality "1"]

1. e4 c6 2. d4 d5 3. exd5 cxd5 4. Bd3 Nc6 5. c3 Nf6 6. Bf4 e6 7. Nf3 Be7 8. 0-0 0-0 9. Re1 Nh5 10. Be3 Nf6 11. Ne5 Nxe5 12. dxe5 Nd7 13. f4 Bc5 14. Kh1 Qb6 15. Bxc5 Nxc5 16. b3 Nxd3 17. Qxd3 Bd7 18. c4 Bc6 19. cxd5 Bxd5 20. Nc3 Rfd8 21. Qg3 Rac8 22. Rac1 Qa5 23. h3 Bc6 24. Red1 Rxd1+ 25. Rxd1 Rd8 26. Rxd8+ Qxd8 27. Qe3 a6 28. Kg1 g6 29. g3 Kg7 1/2-1/2

[Event "Uxbridge e2e4 Major op"]
[Site "Uxbridge"]
[Date "2011.03.19"]
[Round "3"]
[White "Taylor, Robert Graham"]
[Black "Mavinkurve, Aditya"]
[Result "1/2-1/2"]
[WhiteElo "1990"]
[BlackElo "1698"]
[PlyCount "66"]
[EventDate "2011.03.18"]
[EventType "swiss"]
[EventRounds "5"]
[EventCountry "ENG"]
[SourceTitle "EXT 2023"]
[Source "ChessBase"]
[SourceDate "2022.10.05"]
[SourceVersion "1"]
[SourceVersionDate "2022.10.05"]
[SourceQuality "1"]

1. g3 d5 2. Nf3 c5 3. Bg2 Nc6 4. d4 Bf5 5. c3 Nf6 6. dxc5 e5 7. b4 a5 8. b5 e4 9. Nd4 Nxd4 10. cxd4 Qd7 11. a4 Bh3 12. c6 bxc6 13. bxc6 Qe6 14. Bxh3 Qxh3 15. Qb3 Bb4+ 16. Bd2 Bxd2+ 17. Nxd2 0-0 18. Rc1 Qg2 19. Rf1 Qxh2 20. c7 Qh3 21. Qb5 Rfc8 22. Nb3 Qd7 23. Qxd7 Nxd7 24. Kd2 Ra7 25. Rc6 Raxc7 26. Rxc7 Rxc7 27. Nxa5 Ra7 28. Nc6 Rxa4 29. Ke3 Nf6 30. Rb1 Ra8 31. Rb5 Kf8 32. Nb4 Rd8 33. Kf4 Rd6 1/2-1/2